Drough Research Priorities (Record no. 594706)

MARC details
000 -LEADER
fixed length control field 00376nam a2200145Ia 4500
008 - FIXED-LENGTH DATA ELEMENTS--GENERAL INFORMATION
fixed length control field 100415s9999 xx 000 0 und d
082 ## - DEWEY DECIMAL CLASSIFICATION NUMBER
Item number 11785
Classification number 631
100 ## - MAIN ENTRY--PERSONAL NAME
Personal name Bidinger,F.R
245 ## - TITLE STATEMENT
Title Drough Research Priorities
260 ## - PUBLICATION, DISTRIBUTION, ETC. (IMPRINT)
Place of publication, distribution, etc PATANCHERU
Date of publication, distribution, etc 1988
Name of publisher, distributor, etc ICRISAT
365 ## - TRADE PRICE
Price amount 0
630 ## - SUBJECT ADDED ENTRY--UNIFORM TITLE
Uniform title Drough Research Priorities
730 ## - ADDED ENTRY--UNIFORM TITLE
Uniform title Drough Research Priorities
942 ## - ADDED ENTRY ELEMENTS (KOHA)
Koha item type Book
Holdings
Withdrawn status Lost status Damaged status Not for loan Home library Current library Date acquired Cost, normal purchase price Total Checkouts Full call number Barcode Date last seen Price effective from Koha item type
        Bombay Natural History Society Bombay Natural History Society 01/01/1992 0.00   631 11785 BNHS-11785 04/15/2010 04/15/2010 Book